Reformas al sistema procesal : medidas cautelares y tribunales de casación /
Guardado en:
| Autor Principal: | |
|---|---|
| Formato: | Libro |
| Idioma: | Spanish |
| Publicado: |
Santa Fé :
Rubinzal Culzoni,
2013.
|
| Edición: | 1a. ed. |
| Materias: | |
| Etiquetas: |
Agregar Etiqueta
Sin Etiquetas, Sea el primero en etiquetar este registro!
|
| LEADER | 00515nam a22001575a 4500 | ||
|---|---|---|---|
| 001 | DER.der014120 | ||
| 008 | 190919s2013####ag############000#0#spa#d | ||
| 005 | 20250821163233.0 | ||
| 245 | 1 | 0 | |a Reformas al sistema procesal : |b medidas cautelares y tribunales de casación / |c Enrique M. Falcón. |
| 250 | |a 1a. ed. | ||
| 260 | |a Santa Fé : |b Rubinzal Culzoni, |c 2013. | ||
| 300 | |a 199 p. | ||
| 020 | |a 9789873003851 | ||
| 100 | 1 | |a Falcón, Enrique M. | |
| 650 | 7 | |a DERECHO PROCESAL CIVIL | |
| 859 | |a DERECHO |b BIB. DERECHO |h 347.05 |i FAL |p 009355 | ||
